Zmluvne doložky o umelej inteligencii

Novinkou v oblasti umelej inteligencie je dokument s názvom: Návrh štandardných zmluvných doložiek pre obstarávanie umelej inteligencie verejnými organizáciami, verzia zo septembra 2023 – zjednodušená verzia . Tá sprístupnila uvedené doložky verejným organizáciám, ktoré si chcú zaobstarať systém Al...

Description complète

Enregistré dans:
Détails bibliographiques
Auteur principal: Slobodníková, Miriam
Format: Chapitre de livre
Langue:slovaque
Sujets:
Tags: Ajouter un tag
Pas de tags, Soyez le premier à ajouter un tag!

MARC

LEADER 00000naa a2200000 4500
001 0297620
005 20240417075257.4
041 0 |a slo 
044 |a SK 
245 1 0 |a Zmluvne doložky o umelej inteligencii  |c Miriam Slobodníková 
520 |a Novinkou v oblasti umelej inteligencie je dokument s názvom: Návrh štandardných zmluvných doložiek pre obstarávanie umelej inteligencie verejnými organizáciami, verzia zo septembra 2023 – zjednodušená verzia . Tá sprístupnila uvedené doložky verejným organizáciám, ktoré si chcú zaobstarať systém Al vyvinutý externým dodávateľom. Tieto štandardné doložky vychádzajú zo štandardných doložiek pre obstarávanie algoritmických systémov, ktoré vypracovalo mesto Amsterdam v roku 2018. Verejné organizácie, ktoré sa rozhodnú využiť tieto podmienky, to môžu urobiť na dobrovoľnom základe a posúdiť prípad od prípadu, či sú rôzne časti týchto štandardných zmluvných doložiek dostatočné a primerané na obstarávanie. 
610 2 0 |a inteligencia umelá 
610 2 0 |a zmluvy 
610 2 0 |a doložka zmluvná 
610 2 0 |a Európska únia 
100 1 |a Slobodníková, Miriam